000
00325nam a22001457a 4500
003
SGT
020
_a
81-89747-3-7
082
_a
616.07
_b
BAN
100
_a
BANSAL, RAJPAL
245
_a
A TEXTBOOK OF PATHOPHYSIOLOGY
260
_a
INDIA
_b
BIRLA PUB.
_c
2026
300
_a
655
650
_a
PATHOPHYSIOLOGY
942
_2
ddc
_c
BK
999
_c
33044
_d
33044